|
|
|
|
| LEADER |
00000cam a2200000 4500 |
| 001 |
vtls012133087 |
| 003 |
SK-MaSNL |
| 005 |
20260302025050.0 |
| 008 |
220502s2022 xo daolf bp 000 0 slo |
| 015 |
|
|
|a SNBA2023/05
|
| 020 |
|
|
|a 9788022351911
|q (brožované)
|
| 040 |
|
|
|a SNK
|b slo
|c SNK
|e rda
|
| 041 |
0 |
|
|a slo
|
| 044 |
|
|
|a xo
|c SK
|
| 072 |
|
7 |
|a 616
|x Patológia. Klinická medicína
|2 konspekt
|
| 072 |
|
7 |
|a 579
|x Mikrobiológia
|2 konspekt
|
| 080 |
|
|
|a 616-07
|2 2011
|
| 080 |
|
|
|a 579
|2 2011
|
| 080 |
|
|
|a 616-074/-079
|2 2011
|
| 080 |
|
|
|a 579:57.083
|2 2011
|
| 080 |
|
|
|a 616:[579+578]
|2 2011
|
| 080 |
|
|
|a 579.61
|2 2011
|
| 080 |
|
|
|a (075.8)
|2 2011
|
| 100 |
1 |
|
|a Liptáková, Adriána,
|d 1971-
|4 aut
|9 228377
|
| 245 |
1 |
0 |
|a Mikrobiologická diagnostika pôvodcov infekčných ochorení pre študentov medicíny
|c Adriana Liptáková a kolektív
|
| 250 |
|
|
|a 2. prepracované vydanie
|
| 264 |
|
1 |
|a Bratislava
|b Univerzita Komenského v Bratislave
|c 2022
|
| 300 |
|
|
|a 160 strán
|b fotografie, grafy, ilustrácie, schémy, tabuľky
|c 29 cm
|
| 336 |
|
|
|a text
|b txt
|2 rdacontent
|
| 337 |
|
|
|a bez média
|b n
|2 rdamedia
|
| 338 |
|
|
|a zväzok
|b nc
|2 rdacarrier
|
| 366 |
|
|
|e 300 kusov
|
| 504 |
|
|
|a Obsahuje bibliografiu na strane 159-160
|
| 521 |
8 |
|
|a Pre študentov medicíny
|
| 650 |
0 |
7 |
|a mikrobiologická diagnostika
|2 SNKPH
|9 673899
|
| 650 |
0 |
7 |
|a diagnostika (medicína)
|2 SNKPH
|9 28740
|
| 650 |
0 |
7 |
|a mikrobiológia
|2 SNKPH
|9 3580
|
| 650 |
0 |
7 |
|a bakteriológia
|2 SNKPH
|9 67939
|
| 650 |
0 |
7 |
|a laboratórna diagnostika
|2 SNKPH
|9 58157
|
| 650 |
0 |
7 |
|a Medical diagnostics
|2 SNKPHeng
|9 268685
|
| 650 |
0 |
7 |
|a Microbiology
|2 SNKPHeng
|9 270714
|
| 650 |
0 |
7 |
|a Bacteriology
|2 SNKPHeng
|9 335162
|
| 650 |
0 |
7 |
|a Laboratory diagnostics
|2 SNKPHeng
|9 267451
|
| 650 |
0 |
7 |
|a diagnostické metódy
|2 SNKPH
|9 71493
|
| 650 |
0 |
7 |
|a mikrobiologická analýza
|2 SNKPH
|9 117826
|
| 650 |
0 |
7 |
|a klinická mikrobiológia
|2 SNKPH
|9 84091
|
| 650 |
0 |
7 |
|a lekárska mikrobiológia
|2 SNKPH
|9 50744
|
| 650 |
0 |
7 |
|a Diagnostic methods
|2 SNKPHeng
|9 266259
|
| 650 |
0 |
7 |
|a Microbiological analysis
|2 SNKPHeng
|9 436470
|
| 650 |
0 |
7 |
|a Clinical microbiology
|2 SNKPHeng
|9 348747
|
| 650 |
0 |
7 |
|a Medical microbiology
|2 SNKPHeng
|9 335161
|
| 655 |
|
7 |
|a učebnice vysokých škôl
|2 SNKPH
|9 70191
|
| 655 |
|
7 |
|a Textbooks (higher)
|2 SNKPHeng
|9 276436
|
| 700 |
1 |
|
|a Dubinová, Martina,
|d 1977-
|4 aut
|9 210242
|
| 700 |
1 |
|
|a Hubenáková, Zuzana,
|d 1986-
|4 aut
|9 224227
|
| 700 |
1 |
|
|a Jalili, Nasir,
|d 1961-
|4 aut
|9 21865
|
| 700 |
1 |
|
|a Koreň, Ján,
|d 1967-
|4 aut
|9 673900
|
| 700 |
1 |
|
|a Predný, Ján,
|d 1963-
|4 aut
|9 224228
|
| 700 |
1 |
|
|a Slobodníková, Lívia,
|d 1965-
|4 aut
|9 224229
|
| 700 |
1 |
|
|a Straka, Marek,
|d 1993-
|4 aut
|9 224230
|
| 700 |
1 |
|
|a Záborská, Magdaléna,
|d 1959-
|4 aut
|9 224231
|
| 710 |
2 |
|
|a Univerzita Komenského v Bratislave.
|b Lekárska fakulta
|4 pbl
|
| 852 |
|
|
|a Slovenská národná knižnica
|
| 919 |
|
|
|a 978-80-223-5191-1
|
| 954 |
|
|
|a odborná, vedecká literatúra pôvodná (slovenská)
|2 lita
|
| 958 |
|
|
|a NB
|
| 958 |
|
|
|a MI
|
| 999 |
|
|
|c 1042792
|d 1044722
|
| 952 |
|
|
|a SNK
|b SNK
|y PREZ
|7 0
|p 17A1518033
|o snkSB 98676
|i snk2023/1357
|8 0
|0 0
|1 0
|4 0
|d 2023-01-24
|f 1
|l 0
|r 2025-05-19 00:00:00
|w 2026-02-24
|